Регионална библиотека "Любен Каравелов" - Русе

Партийна тайна (Запис номер 140972)

MARC детайли
000 -Лидер
Контролно поле с фиксирана дължина nam a22 a 4500
003 - Код на организацията, давaща контролен номер
Контролно поле BLK
005 - Дата и час на последна редакция
Контролно поле 20230111173405.0
008 - Елементи от данни с фиксирана дължина
fixed length control field 180409b bul|||||r ||||||| ||bul||
010 ## - Наследен системен номер
LC control number KNG00147041000
040 ## - Източник на каталожния запис
Идентификатор на билиотеката - собственик на записа BLK
041 ## - Код за език
Код за езика на текст/звукозапис или на отделно заглавие Български
Код за езика КДБФ Български
080 ## - УДК
Текстов определител УДК Българска литература
УДК код - определител по УДК 821.163.2
УДК определител -93-3
УДК - код + определител 821.163.2-93-3
100 1# - Редна дума - Автор
Автор Марчевски, Марко
Авторска отговорност първи автор
Автор - информация (биография) Марков, Марко Маринов
R(LIN) 367443
139 ## - Редно поле
Редна дума Марчевски, Марко
Авторски знак Марч - М 36
245 10 - Сведения за заглавието
Заглавие Партийна тайна
Подзаглавни данни Повест
Редно поле (дума) Марко Марчевски; худож. Тодор Панайотов; * Марко Маринов Марков.
250 ## - Област на изданието
Сведения за изданието 6. изд.
257 ## - Страна на издаване
Страна на създаване/издаване България
260 ## - Област на издателските данни
Място на издаване, разпространение и проч. София
Име на издателя, разпространителя и проч. Нар. младеж
Година на издаване 1967
300 ## - Физическа характеристика
Страници 103 с.
Илюстрации и др. с ил.
Размери/Мащаб 18 см
380 ## - Жанр
Жанр Детска худож. лит.
500 ## - Общи забележки
Забележка 1. изд. 1948. - 20 100 тир. - Кн. е удостоена с Димитровска награда.
653 ## - Ключова дума – ненормативна
Ключова дума литература за деца
653 ## - Ключова дума – ненормативна
Ключова дума детска литература
700 1# - Други автори (авторска отговорност)
Лично име Панайотов, Тодор
Автороска отговорност (Описва отношението между автора и произведението) худож.
9 (RLIN) 367264
700 1# - Други автори (авторска отговорност)
Лично име Марков, Марко Маринов
Автороска отговорност (Описва отношението между автора и произведението) *
9 (RLIN) 379459
852 ## - Местоположение
Форматна сигнатура Цб 261544
856 4# - Електронен адрес и достъп
Електронен формат pdf - файл
Инструкция (цена за достъп) 0.30
Права за достъп disable
856 4# - Електронен адрес и достъп
Електронен формат pdf - файл
Инструкция (цена за достъп) 0.30
Права за достъп disable
999 ## - СИСТЕМНИ КОНТРОЛНИ НОМЕРА
Koha biblionumber 140972
Koha biblioitemnumber 140972
942 ## - АРТИКУЛИ
Вид на библиотечния материал Книги
Скрит в OPAC Не
Периодичен библиозапис Да
944 ## - СЪЗДАВАНЕ И РЕДАКЦИЯ на ЗАПИСА
Създаване/Редакция Създаване
Дата на регистрацията/редакция 24.07.2013
Статус, дата на статуса 24.07.2013 - от С1,Р / 24.07.2013
Служител, извършил регистрацията/редакцията Люсиена_Милчева
944 ## - СЪЗДАВАНЕ И РЕДАКЦИЯ на ЗАПИСА
Създаване/Редакция Редакция
Дата на регистрацията/редакция 24.07.2013
Статус, дата на статуса 24.07.2013 - от С1,Р / 24.07.2013
999 ## - СИСТЕМНИ КОНТРОЛНИ НОМЕРА
Koha biblioitemnumber 140972
Наличности
Код за отписване Код за изгубен артикул Източник на класификационната схема Код за повреда Коз за рестрикции Код за отдаване Артикулен № Име на библиотеката - собственик Име на библиотеката, в която се намира в момента Статус (Текущо местоположение) Дата на вписване в системата Местоположение - отдел Цена в лева Инвентарен номер Систематично азбучна сигнатура Баркод Номер на екземпляра Цена в евро Служебна бележка Служебен тип на артикула
  Не е изгубен Universal Decimal Classification Не е повреден само за читалня ползва се в читалня 231676 Регионална библиотека "Любен Каравелов" Русе Регионална библиотека "Любен Каравелов" Русе Хранилище 1967-01-01 Хранилище 0.00 2663/68 Цб 261544 900000104401 1 0.00 Вид: СФ N: стар фонд Дата: 01.01.1967 Книги
Vip Innovations Ltd, Rousse, Bulgaria 2025